00383 2200157 4500001002100000005001500021020002200036035002000058082000800078084001400086100001700100245002900117260004100146300002600187990001200213INLIS00000000000317120251127090249 a978-623-96080-9-5 a0010-1125000032 a813 a813 SIT a0 aSiti Habibah1 aAlthario /cSiti Habibah aDepok :bAkad Media Cakrawala,c2021 a300 hlm ;c14 x 20 cm a0754533